000 00591nam a22002297a 4500
003 UA-OsUOA
001 92464
007 ta
008 20121218b un ||||| |||| 00| 0 ukr d
100 _aАмосов М. М.
090 _a821.161.2
_bА62
942 _cBK
040 _aUA-OsUOA
_bukr
_cUA-OsUOA
_dUA-OsUOA
245 _aДуми і серце
_bповість
300 _a256 с.
955 _a3
041 _aukr
080 _a821.161.2
260 _aК.
_bДніпро
_c1967
650 7 _a82 Література. Літературознавство
_2UDC
999 _c378709
_d378709